000 00746nam a2200289Ia 4500
005 20260324143525.0
008 008 260324s9999 xx 000 0 eng d
020 _a9780203771174
037 _aEBOOK
040 _aCRL
040 _beng
040 _cCRL
041 _2eng
041 _aeng
084 _qCRL
100 _aGershom-Zvi Rosenstein
_91215945
245 0 _aIncome and Choice in Biological Control Systems
245 2 _bA Framework for Understanding the Function and Dysfunction of the Brain
260 _bTaylor and Francis
260 _c1991
365 _a
365 _b205
856 _uhttp://www.taylorfrancis.com/books/9780203771174
942 _cEBOOK
999 _c1821459
_d1821459